50 Biggest Cities by Metropolitan Population - Statistics

General Stats
  • This quiz has been taken 47 times
  • The average score is 42 of 50
Answers on the Map
Answers color-coded by a green-red scale on the quiz's map according to % correct below.
 
Answer Stats
Country City Population % Correct
United States Chicago 8.8 M
100%
Nigeria Lagos 12.7 M
100%
Peru Lima 10.4 M
100%
United States Los Angeles 11.4 M
100%
Mexico Mexico City 17.7 M
100%
United States New York City 13.9 M
100%
Brazil Rio de Janeiro 9.4 M
100%
Colombia Bogota 10.6 M
98%
Argentina Buenos Aires 14 M
98%
Egypt Cairo 25.6 M
98%
India Delhi 30.2 M
98%
Turkiye Istanbul 15 M
98%
United Kingdom London 9.5 M
98%
France Paris 9.2 M
98%
Brazil Sao Paulo 18.9 M
98%
Iran Tehran 8.9 M
98%
Russia Moscow 14.5 M
95%
Japan Tokyo 33.4 M
95%
Indonesia Jakarta 41.9 M
93%
D. R. Congo Kinshasa 10.6 M
93%
South Korea Seoul 22.5 M
93%
China Shanghai 29.6 M
93%
Thailand Bangkok 18.2 M
90%
Philippines Manila 24.7 M
90%
India Mumbai 29.2 M
90%
Pakistan Karachi 21.4 M
88%
Angola Luanda 11.2 M
88%
China Beijing 17 M
85%
Bangladesh Dhaka 36.6 M
85%
Malaysia Kuala Lumpur 7.8 M
85%
Japan Osaka 12.8 M
85%
Tanzania Dar es Salaam 7.7 M
83%
Vietnam Ho Chi Minh City 14 M
83%
India Kolkata 22.5 M
80%
China Shenzhen 13.9 M
80%
China Guangzhou 27.6 M
78%
India Bengaluru 13 M
76%
China Hong Kong 7.4 M
76%
China Wuhan 7.4 M
76%
Pakistan Lahore 15.2 M
73%
India Chennai 10.9 M
71%
China Xi'an 7.4 M
68%
China Chengdu 8.4 M
66%
India Hyderabad 9.2 M
66%
China Tianjin 7.3 M
66%
India Ahmedabad 7.5 M
63%
Indonesia Bandung 8.9 M
49%
China Hangzhou 7.4 M
46%
China Dongguan 7.3 M
41%
China Suzhou 7.6 M
41%
No matching quizzes found
Score Distribution
Percent of People with Each Score
Percentile by Number Answered
Your Score History
You have not taken this quiz